000 00695nam a2200289Ia 4500
005 20260324123632.0
008 008 260324s9999 xx 000 0 eng d
020 _a9780203859971
037 _aEBOOK
040 _aCRL
040 _beng
040 _cCRL
041 _2eng
041 _aeng
084 _qCRL
100 _aRonald A. Ruden
_91171064
245 0 _aWhen the Past Is Always Present
245 0 _bEmotional Traumatization, Causes, and Cures
260 _bTaylor and Francis
260 _c2011
365 _a
365 _b180
856 _uhttp://www.taylorfrancis.com/books/9780203859971
942 _cEBOOK
999 _c1764758
_d1764758